| 000 | 00663cam a2200241 4500 | ||
|---|---|---|---|
| 001 | J1523 | ||
| 008 | 090401t1993 xxu||||| |||| 00| 0 eng d | ||
| 035 | _a(Sirsi) u43975 | ||
| 041 | _aeng | ||
| 050 | _a690.25 | ||
| 100 | _aHarrison, W.H. | ||
| 245 | _aAvoiding latent mortar defects in masonry. | ||
| 260 |
_aGarston, Watford _bBuilding Research Establishment _c1993 |
||
| 300 | _a(4)p. ; 30cm. | ||
| 350 | _a0 | ||
| 490 |
_aBRE Information Paper _v10/93 |
||
| 650 | _aLATENT DEFECTS | ||
| 650 | _aMORTAR DEFECTS | ||
| 690 | _aBUILT ENVIRONMENT-BUILDING PATHOLOGY | ||
| 710 | _aBuilding Research Establishment | ||
| 942 | _n0 | ||
| 948 | _c04/03/1997 | ||
| 999 |
_c91416 _d91416 |
||